[Event "NAYCC U10"]
[Site "Kingston CAN"]
[Date "2019.08.16"]
[Round "2.36"]
[White "Darvekar, Yash"]
[Black "Wang, Alexander"]
[Result "0-1"]
[WhiteElo "1505"]
[BlackElo "1482"]
[PlyCount "124"]
[EventDate "2019.08.16"]
[EventType "swiss"]
[EventRounds "9"]
[EventCountry "CAN"]

1. e4 c5 2. Nf3 d6 3. c3 Nf6 4. Be2 g6 5. O-O Bg7 6. Re1 O-O 7. Bc4 Bg4 8. h3
Bxf3 9. Qxf3 Nc6 10. Qd1 Nd7 11. Bb5 Qb6 12. Bxc6 bxc6 13. Na3 a5 14. Nc2 c4
15. Ne3 Ne5 16. Qe2 Qb5 17. b3 cxb3 18. Qxb5 cxb5 19. axb3 Nd3 20. Rd1 b4 21.
Nd5 e6 22. Nb6 Ra6 23. Na4 Rc8 24. Ra2 Rac6 25. Rc2 bxc3 26. dxc3 Nb4 27. Rcd2
Bxc3 28. Rxd6 Rxd6 29. Rxd6 Be5 30. Rd1 h5 31. Nb6 Rc2 32. Nc4 Bc7 33. Bb2 e5
34. Rd7 Na6 35. Kf1 a4 36. Rd2 axb3 37. Rxc2 bxc2 38. Ke1 Nc5 39. Kd2 Nxe4+ 40.
Kxc2 f6 41. f3 Nc5 42. Ba3 Ne6 43. Bc1 h4 44. Na3 Kf7 45. Kd3 f5 46. Nb5 Bb8
47. Nc3 Ba7 48. Nb5 Bc5 49. Nc3 g5 50. Kc4 Bd4 51. Nb5 Kf6 52. Bd2 Bf2 53. Kd5
Bg3 54. Nd6 Bf4 55. Be1 Be3 56. Nc4 Nf4+ 57. Kd6 Nxg2 58. Nxe3 Nxe3 59. Bc3 f4
60. Bxe5+ Kf5 61. Bd4 Nc4+ 62. Kd5 Nd2 0-1

[Event "NAYCC U10"]
[Site "Kingston CAN"]
[Date "2019.08.16"]
[Round "2.37"]
[White "Zhang, Daniel"]
[Black "Qian, Eric"]
[Result "1/2-1/2"]
[WhiteElo "1267"]
[BlackElo "1152"]
[PlyCount "91"]
[EventDate "2019.08.16"]
[EventType "swiss"]
[EventRounds "9"]
[EventCountry "CAN"]

1. e4 c5 2. Nf3 d6 3. Bb5+ Bd7 4. Bxd7+ Qxd7 5. O-O Nf6 6. Re1 e6 7. c3 Qc6 8.
d3 Be7 9. Bf4 O-O 10. Nbd2 Nbd7 11. Rc1 Qb6 12. Qb3 Qxb3 13. axb3 b5 14. Ra1 a5
15. Ra2 Ra6 16. Rea1 Rfa8 17. b4 cxb4 18. cxb4 a4 19. b3 Nb6 20. bxa4 Rxa4 21.
Rxa4 Rxa4 22. Rxa4 Nxa4 23. Nb3 d5 24. e5 Ne8 25. Bd2 Nc7 26. d4 Na6 27. Nc5
N4xc5 28. dxc5 h6 29. Nd4 Nc7 30. f4 g5 31. Nc6 Bf8 32. fxg5 h5 33. Kf2 Kh7 34.
Kf3 Kg6 35. g4 Na6 36. Nd8 Be7 37. gxh5+ Kxh5 38. Nxf7 Kg6 39. Nd6 Bxg5 40. Bc3
Nc7 41. Bd4 Bd2 42. Kg4 Bxb4 43. h4 Ba3 44. h5+ Kh6 45. Nb7 b4 46. Na5 1/2-1/2

[Event "NAYCC U10"]
[Site "Kingston CAN"]
[Date "2019.08.16"]
[Round "2.38"]
[White "Wang, Leo"]
[Black "Shi, Michael"]
[Result "1-0"]
[WhiteElo "1040"]
[BlackElo "1795"]
[PlyCount "45"]
[EventDate "2019.08.16"]
[EventType "swiss"]
[EventRounds "9"]
[EventCountry "CAN"]

1. d4 d5 2. c4 e6 3. Nc3 Nf6 4. Nf3 Be7 5. cxd5 exd5 6. e3 O-O 7. Bd3 Nbd7 8.
O-O c5 9. Re1 Re8 10. Bd2 cxd4 11. exd4 Nb6 12. Rc1 a6 13. Ne2 Bg4 14. Ng3 Rc8
15. Bc3 Nc4 16. Bxc4 Rxc4 17. h3 Bxf3 18. Qxf3 Bd6 19. Rxe8+ Qxe8 20. Nf5 Qc6
21. b3 Bh2+ 22. Kh1 Rxc3 23. Rxc3 1-0

[Event "NAYCC U10"]
[Site "Kingston CAN"]
[Date "2019.08.16"]
[Round "2.39"]
[White "Ho, Jasper"]
[Black "Komolafe, Joshua"]
[Result "1-0"]
[WhiteElo "1730"]
[BlackElo "1050"]
[PlyCount "21"]
[EventDate "2019.08.16"]
[EventType "swiss"]
[EventRounds "9"]
[EventCountry "CAN"]

1. e4 e5 2. Nf3 Nc6 3. Bc4 Nf6 4. d4 exd4 5. e5 Ne4 6. Qe2 f5 7. exf6 gxf6 8.
Qxe4+ Be7 9. Qd5 d6 10. Qf7+ Kd7 11. Be6# 1-0

[Event "NAYCC U10"]
[Site "Kingston CAN"]
[Date "2019.08.16"]
[Round "2.40"]
[White "Kurup, Siddharth"]
[Black "Murali, Dhruv"]
[Result "1-0"]
[WhiteElo "1434"]
[BlackElo "972"]
[PlyCount "99"]
[EventDate "2019.08.16"]
[EventType "swiss"]
[EventRounds "9"]
[EventCountry "CAN"]

1. d4 Nf6 2. Bf4 d5 3. e3 Bf5 4. c4 e6 5. Nc3 Nc6 6. Nf3 Bg4 7. c5 Ne4 8. Nb5
Rc8 9. Be2 a6 10. Nc3 Nxc3 11. bxc3 b6 12. cxb6 cxb6 13. Bxa6 Ra8 14. Bb7 Rc8
15. Bxc8 Qxc8 16. h3 Bh5 17. Qe2 Nxd4 18. Qd3 Nxf3+ 19. gxf3 Bxf3 20. Rg1 Be4
21. Qb5+ Ke7 22. Kd2 g6 23. Be5 f6 24. Bd4 Bg7 25. Qxb6 Qc4 26. Qc5+ Qxc5 27.
Bxc5+ Kd7 28. a4 f5 29. a5 Rc8 30. Bb4 Ra8 31. Rac1 Bh6 32. Ke2 e5 33. f3 Bxf3+
34. Kxf3 e4+ 35. Ke2 Ra6 36. Rcd1 Kc6 37. Rd2 f4 38. Rgd1 f3+ 39. Kf2 Bg5 40.
Rxd5 Bh4+ 41. Kf1 g5 42. Rd6+ Kb7 43. Rxa6 Kxa6 44. Rd4 h5 45. Rxe4 Bg3 46. Bd6
Bh4 47. Rxh4 gxh4 48. Bb4 Kb5 49. Kf2 Kc6 50. Kxf3 1-0

[Event "NAYCC U10"]
[Site "Kingston CAN"]
[Date "2019.08.16"]
[Round "2.41"]
[White "Zuo, Roger"]
[Black "Georgescu-Nicolau, Luca"]
[Result "1-0"]
[WhiteElo "1034"]
[BlackElo "1337"]
[PlyCount "69"]
[EventDate "2019.08.16"]
[EventType "swiss"]
[EventRounds "9"]
[EventCountry "CAN"]

1. e4 e5 2. Nf3 Nc6 3. Bc4 Bc5 4. Nc3 Nf6 5. h3 O-O 6. O-O a6 7. a3 d6 8. d3
Nd4 9. Nxd4 Bxd4 10. Bg5 h6 11. Bh4 Rb8 12. Rb1 Bxc3 13. bxc3 Be6 14. Bb3 g5
15. Bg3 Kg7 16. Re1 Kg6 17. d4 Nh5 18. Bh2 Nf4 19. Bxf4 exf4 20. Bxe6 fxe6 21.
Qg4 Qe7 22. c4 h5 23. Qf3 c6 24. e5 d5 25. cxd5 cxd5 26. Qd3+ Kg7 27. c4 dxc4
28. Qxc4 Rfc8 29. Qd3 Rc6 30. d5 exd5 31. Qxd5 Qxa3 32. Qd7+ Kg6 33. Rxb7 Rb6
34. Qf7+ Kh6 35. Qg7# 1-0

[Event "NAYCC U10"]
[Site "Kingston CAN"]
[Date "2019.08.16"]
[Round "2.42"]
[White "Luo, Albert"]
[Black "Cacciatore, Luc"]
[Result "1-0"]
[WhiteElo "950"]
[BlackElo "1298"]
[PlyCount "143"]
[EventDate "2019.08.16"]
[EventType "swiss"]
[EventRounds "9"]
[EventCountry "CAN"]

1. e4 e5 2. Nf3 Nc6 3. Bc4 Be7 4. d3 Nf6 5. Ng5 O-O 6. Nc3 d6 7. h3 h6 8. Nf3
Na5 9. Bb3 Nxb3 10. axb3 Nh7 11. Be3 f5 12. Rxa7 Rxa7 13. Bxa7 b6 14. Nd5 c6
15. Bxb6 Qe8 16. Nxe7+ Qxe7 17. exf5 Bxf5 18. g4 e4 19. Qe2 Bxg4 20. hxg4 Rxf3
21. Qxe4 Qxe4+ 22. dxe4 Rf4 23. f3 Rxf3 24. Rf1 Rxf1+ 25. Kxf1 Kf7 26. Kf2 Ke7
27. c4 Ke6 28. Ke3 c5 29. Ba5 Nf6 30. Kf4 g6 31. b4 cxb4 32. Bxb4 g5+ 33. Kf3
h5 34. gxh5 Nxh5 35. Bc3 Nf4 36. Kg4 Ng2 37. Kxg5 Ne3 38. b3 Nd1 39. Bd2 Nf2
40. Kf4 Nd3+ 41. Ke3 Nc5 42. b4 Na6 43. b5 Nc5 44. Bb4 Nb7 45. Kd4 Nd8 46. c5
dxc5+ 47. Bxc5 Nb7 48. b6 Na5 49. Bb4 Nb7 50. e5 Nd8 51. Bc3 Nb7 52. Kc4 Nd8
53. Kb5 Kd5 54. Ka6 Kc6 55. Bd4 Kd5 56. b7 Nxb7 57. Kxb7 Ke6 58. Kc6 Ke7 59.
Kd5 Kd7 60. e6+ Ke8 61. Kd6 Kf8 62. Bg7+ Kxg7 63. e7 Kf6 64. e8=Q Kf5 65. Qe7
Kg6 66. Qe5 Kf7 67. Kd7 Kg8 68. Qf6 Kh7 69. Ke7 Kg8 70. Qg5+ Kh8 71. Kf7 Kh7
72. Qh5# 1-0

[Event "NAYCC U10"]
[Site "Kingston CAN"]
[Date "2019.08.16"]
[Round "2.43"]
[White "Huang, Winston"]
[Black "Chen, Ricky"]
[Result "1/2-1/2"]
[WhiteElo "1220"]
[BlackElo "954"]
[PlyCount "98"]
[EventDate "2019.08.16"]
[EventType "swiss"]
[EventRounds "9"]
[EventCountry "CAN"]

1. d4 d5 2. c4 e6 3. Nc3 Nf6 4. Bg5 h6 5. Bh4 b6 6. Nf3 Bd6 7. e3 Bb7 8. Bd3
Nbd7 9. O-O O-O 10. h3 c5 11. Re1 Qc7 12. cxd5 exd5 13. Rc1 c4 14. Be2 Qc6 15.
b3 b5 16. bxc4 bxc4 17. Nd2 Bc7 18. Bf3 Qe6 19. e4 Rfe8 20. exd5 Qxe1+ 21. Qxe1
Rxe1+ 22. Rxe1 g5 23. Bg3 Bxg3 24. fxg3 Nb6 25. d6 Bxf3 26. gxf3 Rd8 27. Nde4
Ne8 28. Nb5 a6 29. Nc7 Nxd6 30. Nxa6 Nxe4 31. Rxe4 c3 32. Nb4 Nd5 33. Nxd5 Rxd5
34. Re3 c2 35. Rc3 Rxd4 36. Rxc2 Rd3 37. Kf2 Kg7 38. a4 Ra3 39. Rc4 Kf6 40. g4
Ke5 41. Kg3 f6 42. Rc5+ Kd4 43. Ra5 Ke3 44. Ra6 Ke2 45. Rxf6 Ra1 46. Rxh6 Rg1+
47. Kh2 Kf2 48. h4 Rg2+ 49. Kh3 Rg3+ 1/2-1/2

[Event "NAYCC U10"]
[Site "Kingston CAN"]
[Date "2019.08.16"]
[Round "2.44"]
[White "Su, Leo"]
[Black "Liang, Leon"]
[Result "0-1"]
[WhiteElo "915"]
[BlackElo "1198"]
[PlyCount "86"]
[EventDate "2019.08.16"]
[EventType "swiss"]
[EventRounds "9"]
[EventCountry "CAN"]

1. e4 d5 2. exd5 Qxd5 3. Nf3 Qd8 4. Bc4 Nf6 5. Nc3 Bg4 6. h3 Bh5 7. O-O e6 8.
d3 Bc5 9. Bg5 O-O 10. a3 Nbd7 11. Ne4 Be7 12. Ng3 Bg6 13. Nh4 Ne5 14. Nxg6 Nxg6
15. Rb1 h6 16. Bxf6 Bxf6 17. Ne4 Ne5 18. Nxf6+ Qxf6 19. Bb3 Rfd8 20. d4 Nc6 21.
c3 Na5 22. Bc2 c5 23. b4 cxb4 24. axb4 Nc4 25. Qd3 Na3 26. Rbc1 Nxc2 27. Rxc2
Rac8 28. Rd1 e5 29. Qe4 Qe7 30. Rcc1 b6 31. Rc2 Qf6 32. d5 Rd6 33. c4 Qe7 34.
c5 bxc5 35. bxc5 Rd7 36. c6 Rd6 37. Re2 f6 38. Qg4 Rcxc6 39. Rxe5 Qxe5 40. dxc6
Rxc6 41. Qg6 Rc8 42. Rd7 Rc1+ 43. Rd1 Rxd1# 0-1

[Event "NAYCC U10"]
[Site "Kingston CAN"]
[Date "2019.08.16"]
[Round "2.45"]
[White "Jin, Harold"]
[Black "Qiu, Max"]
[Result "1-0"]
[WhiteElo "1188"]
[BlackElo "888"]
[PlyCount "47"]
[EventDate "2019.08.16"]
[EventType "swiss"]
[EventRounds "9"]
[EventCountry "CAN"]

1. e4 a6 2. d4 b5 3. Nf3 Bb7 4. Bd3 e6 5. O-O c5 6. c3 c4 7. Bc2 g6 8. Be3 Bg7
9. b3 d5 10. exd5 exd5 11. Re1 Ne7 12. Qd2 O-O 13. Bh6 Nd7 14. Bxg7 Kxg7 15.
Ne5 Re8 16. Ng4 h5 17. Qh6+ Kg8 18. Ne5 f6 19. Nxg6 Nxg6 20. Qxg6+ Kf8 21. Qh6+
Kg8 22. Bh7+ Kf7 23. Qg6+ Kf8 24. Qg8# 1-0

[Event "NAYCC U10"]
[Site "Kingston CAN"]
[Date "2019.08.16"]
[Round "2.46"]
[White "Liu, Henry"]
[Black "Zhang, Kevin"]
[Result "0-1"]
[WhiteElo "797"]
[BlackElo "1185"]
[PlyCount "57"]
[EventDate "2019.08.16"]
[EventType "swiss"]
[EventRounds "9"]
[EventCountry "CAN"]

1. e4 c5 2. Nf3 d6 3. Nc3 Nf6 4. d4 cxd4 5. Nxd4 g6 6. g3 Bg7 7. Bg2 O-O 8. O-O
Nc6 9. Nf3 Bd7 10. Be3 Qc8 11. Re1 Bg4 12. Qd2 Bh3 13. b3 Bxg2 14. Kxg2 Ng4 15.
Rad1 Nxe3+ 16. Rxe3 Bh6 17. Nd5 Bxe3 18. fxe3 e6 19. Nf4 Kg7 20. Qc3+ Ne5 21.
Nh5+ Kh6 22. g4 Qxc3 23. h3 gxh5 24. g5+ Kg6 25. Rxd6 Qxe3 26. Rd3 Qxe4 27. a4
Rad8 28. Kg3 Rxd3 29. cxd3 0-1

[Event "NAYCC U10"]
[Site "Kingston CAN"]
[Date "2019.08.16"]
[Round "2.47"]
[White "Mane, Arnav"]
[Black "Huang, Ryan"]
[Result "1-0"]
[WhiteElo "1168"]
[BlackElo "773"]
[PlyCount "65"]
[EventDate "2019.08.16"]
[EventType "swiss"]
[EventRounds "9"]
[EventCountry "CAN"]

1. e4 c5 2. Nf3 d6 3. Bb5+ Bd7 4. Bxd7+ Nxd7 5. O-O Ngf6 6. Re1 e5 7. c3 g6 8.
d4 cxd4 9. cxd4 Bg7 10. d5 O-O 11. Nc3 Ng4 12. h3 Ngf6 13. Be3 Nc5 14. Bxc5
dxc5 15. Nxe5 Qb6 16. Qc2 Rae8 17. Nc4 Qb4 18. Nd2 Nd7 19. a3 Qa5 20. Nb3 Qb6
21. Rab1 Qd6 22. Nd2 Nf6 23. Nf3 Qb6 24. Na4 Qa5 25. Nc3 Re7 26. e5 Nd7 27. d6
Ree8 28. Qe4 Nxe5 29. Nxe5 Bxe5 30. Qxb7 Rb8 31. Qc7 Rxb2 32. Qxa5 Bd4 33. Rxb2
1-0

[Event "NAYCC U10"]
[Site "Kingston CAN"]
[Date "2019.08.16"]
[Round "2.49"]
[White "Hanchell, Lheerin"]
[Black "Luan, Jacky"]
[Result "0-1"]
[WhiteElo "1050"]
[BlackElo "594"]
[PlyCount "100"]
[EventDate "2019.08.16"]
[EventType "swiss"]
[EventRounds "9"]
[EventCountry "CAN"]

1. e4 e5 2. Bc4 Nf6 3. Nc3 Bc5 4. d3 Nc6 5. Bg5 h6 6. Be3 Bb6 7. Qd2 d6 8.
O-O-O Be6 9. Bxe6 fxe6 10. Nf3 Bxe3 11. fxe3 O-O 12. Rhe1 Ng4 13. Rf1 Rf7 14.
h3 Nf6 15. b3 Nd7 16. d4 Qf8 17. Qf2 exd4 18. exd4 Rb8 19. d5 exd5 20. exd5
Nce5 21. Rde1 Nxf3 22. gxf3 Re8 23. Rxe8 Qxe8 24. Re1 Re7 25. Rxe7 Qxe7 26. Ne4
Qe5 27. Qf1 Qa1+ 28. Kd2 Qxf1 29. f4 Nf6 30. Nxf6+ gxf6 31. Ke3 Kf7 32. Ke4
Qe2+ 33. Kd4 Qxc2 34. f5 Qxa2 35. Kc4 b5+ 36. Kb4 a5+ 37. Kc3 Qe2 38. h4 b4+
39. Kd4 Qc2 40. h5 Qd2+ 41. Ke4 Qe2+ 42. Kf4 Qxh5 43. Ke4 Qg4+ 44. Ke3 h5 45.
Kd3 h4 46. Ke3 h3 47. Kd3 h2 48. Ke3 h1=Q 49. Kd3 Qhf3+ 50. Kd2 Qgg2+ 0-1

[Event "NAYCC U10"]
[Site "Kingston CAN"]
[Date "2019.08.17"]
[Round "3.22"]
[White "Wang, Andy Zixin"]
[Black "Yang, Jingyun (Ryan)"]
[Result "0-1"]
[WhiteElo "1482"]
[BlackElo "1875"]
[PlyCount "102"]
[EventDate "2019.08.16"]
[EventType "swiss"]
[EventRounds "9"]
[EventCountry "CAN"]

1. e4 e5 2. Nf3 Nc6 3. Bb5 a6 4. Bxc6 dxc6 5. Nc3 Bg4 6. h3 Bh5 7. a3 Nf6 8. d3
Bc5 9. Bg5 h6 10. Bh4 Qe7 11. Bg3 Nd7 12. Qe2 Ba7 13. Bh2 Qf6 14. g4 Bg6 15.
Bg3 h5 16. O-O-O h4 17. g5 Qe7 18. Nxh4 Qxg5+ 19. Qd2 Qxd2+ 20. Rxd2 Bh7 21.
Nf3 f6 22. Kb1 O-O-O 23. Rhd1 Bg6 24. Nh4 Bh5 25. Rg1 Bf7 26. Nf5 g6 27. Nh4 g5
28. Nf3 Rxh3 29. Rg2 Nf8 30. Rh2 Rxh2 31. Nxh2 Bh5 32. f3 Ne6 33. Ne2 Kd7 34.
Rd1 Rh8 35. Ng4 Ke7 36. Rh1 Nf4 37. Nxf4 exf4 38. Be1 Bd4 39. Ba5 b6 40. Bb4+
c5 41. Bd2 Kf7 42. c3 Be5 43. Kc2 Kg7 44. Be1 c6 45. Bf2 Bc7 46. Kb3 Bf7+ 47.
c4 Rxh1 48. d4 Rc1 49. dxc5 Bxc4+ 50. Kb4 a5+ 51. Ka4 b5# 0-1

[Event "NAYCC U10"]
[Site "Kingston CAN"]
[Date "2019.08.17"]
[Round "3.23"]
[White "Jiang, Barron Jiyu"]
[Black "Lin, Leo"]
[Result "0-1"]
[WhiteElo "1421"]
[BlackElo "1772"]
[PlyCount "108"]
[EventDate "2019.08.16"]
[EventType "swiss"]
[EventRounds "9"]
[EventCountry "CAN"]

1. e4 c5 2. Nf3 d6 3. d4 cxd4 4. Nxd4 Nf6 5. Nc3 a6 6. Be3 e5 7. Nb3 Be6 8. Be2
Be7 9. O-O O-O 10. f4 exf4 11. Bxf4 Nc6 12. Qe1 d5 13. exd5 Nxd5 14. Nxd5 Qxd5
15. Qg3 Nd4 16. Nxd4 Qxd4+ 17. Kh1 Bf6 18. c3 Qb6 19. Bd6 Bh4 20. Qxh4 Qxd6 21.
Rad1 Qb6 22. Bd3 g6 23. b3 Qa5 24. Qb4 Qxa2 25. Qxb7 Qxb3 26. Qxb3 Bxb3 27. Rb1
Rfb8 28. Be4 Ba2 29. Ra1 Bc4 30. Rf4 Ra7 31. Bxg6 Rc7 32. Be4 Be2 33. Rf2 Bb5
34. Rc2 Rbc8 35. Ra3 Re7 36. c4 Rxe4 37. Rg3+ Kh8 38. h3 Rexc4 39. Ra2 Ra4 40.
Rxa4 Bxa4 41. Ra3 Bb5 42. Ra1 Rc4 43. Kg1 Ra4 44. Rc1 a5 45. Kf2 Ra2+ 46. Kg3
a4 47. Kf3 a3 48. Ke3 Rb2 49. Kd4 a2 50. Ra1 Bd7 51. Kc3 Rxg2 52. Kb3 Bxh3 53.
Rxa2 Be6+ 54. Kc3 Rxa2 0-1

[Event "NAYCC U10"]
[Site "Kingston CAN"]
[Date "2019.08.17"]
[Round "3.24"]
[White "Zhang, Arthur"]
[Black "Vemparala, Nikash"]
[Result "0-1"]
[WhiteElo "1703"]
[BlackElo "1485"]
[PlyCount "136"]
[EventDate "2019.08.16"]
[EventType "swiss"]
[EventRounds "9"]
[EventCountry "CAN"]

1. e4 e5 2. Nf3 Nc6 3. Bc4 Bc5 4. O-O Nf6 5. d3 O-O 6. c3 d6 7. a4 a6 8. d4 Ba7
9. d5 Ne7 10. Re1 Kh8 11. h3 h6 12. Nbd2 Ne8 13. Nf1 f5 14. N1h2 Ng8 15. exf5
Bxf5 16. Bd3 Bd7 17. Be3 Nef6 18. Nh4 Ne7 19. Ng6+ Nxg6 20. Bxg6 Be8 21. Bxe8
Qxe8 22. Bxa7 Rxa7 23. Re3 Nh5 24. Re4 Nf4 25. Qg4 Nxd5 26. Rae1 Nf6 27. Qg3
Nxe4 28. Rxe4 Qf7 29. Qe3 Raa8 30. Rh4 Qf6 31. g3 Kg8 32. Ng4 Qe6 33. Nxh6+
gxh6 34. Rxh6 Qf5 35. Rh4 Kf7 36. Qe2 Ke7 37. g4 Qf3 38. Qd2 Qf4 39. Qc2 e4 40.
Rh7+ Kd8 41. Qe2 Qf3 42. Qd2 e3 43. Qxe3 Qxe3 44. fxe3 Kc8 45. g5 Rg8 46. h4 b6
47. Kf2 Kb7 48. Rh6 Rh8 49. Rxh8 Rxh8 50. Kg3 Kc8 51. Kg4 Kd7 52. g6 Ke7 53.
Kg5 Kf8 54. h5 Kg7 55. e4 c6 56. b4 c5 57. a5 cxb4 58. axb6 bxc3 59. h6+ Rxh6
60. b7 Rh8 61. b8=Q Rxb8 62. Kf4 c2 63. Ke3 c1=Q+ 64. Kd4 Qc5+ 65. Kd3 Rb3+ 66.
Kd2 Qa3 67. Kc2 Qa2+ 68. Kc1 Rb1# 0-1

[Event "NAYCC U10"]
[Site "Kingston CAN"]
[Date "2019.08.17"]
[Round "3.25"]
[White "Chamadia, Avaan"]
[Black "Tang, Benjamin"]
[Result "1-0"]
[WhiteElo "1363"]
[BlackElo "1679"]
[PlyCount "143"]
[EventDate "2019.08.16"]
[EventType "swiss"]
[EventRounds "9"]
[EventCountry "CAN"]

1. e4 e5 2. Nf3 Nc6 3. Bc4 Be7 4. d4 d6 5. dxe5 dxe5 6. Qxd8+ Bxd8 7. Nc3 Nf6
8. Bg5 h6 9. Bxf6 Bxf6 10. Nd5 Bd8 11. Bb5 Bd7 12. Bxc6 bxc6 13. Ne3 f6 14.
O-O-O Be6 15. Nh4 O-O 16. Rd3 Kh7 17. Rhd1 g6 18. g3 f5 19. exf5 gxf5 20. Rc3
Bxh4 21. gxh4 f4 22. Rxc6 fxe3 23. Rxe6 e2 24. Re1 Rxf2 25. Rxe5 Rxh2 26. R5xe2
Rxh4 27. Re7+ Kg6 28. Rxc7 Rh2 29. Rce7 Rf8 30. Rg1+ Kh5 31. Rxa7 Rc8 32. Ra5+
Kh4 33. Ra4+ Kh5 34. c3 Rb8 35. Ra5+ Kh4 36. Ra4+ Kh5 37. Ra5+ Kh4 38. Ra6 Kh5
39. Rgg6 Rh1+ 40. Kc2 Rh2+ 41. Kd3 Rd8+ 42. Kc4 Rxb2 43. Rxh6+ Kg5 44. Rhc6 Rf8
45. Ra5+ Kg4 46. Rg6+ Kh4 47. Rh6+ Kg4 48. Rg6+ Kh4 49. Rd6 Rc8+ 50. Kd3 Re8
51. Rd4+ Kg3 52. Re4 Rd8+ 53. Rd4 Re8 54. Raa4 Rbe2 55. Rg4+ Kh3 56. Rgd4 R2e3+
57. Kc2 Re2+ 58. Rd2 R2e5 59. Rd3+ Kg2 60. Rd2+ Kf3 61. Rad4 Ra8 62. Kb3 Re1
63. Rb2 Rb8+ 64. Rb4 Rc8 65. a4 Ke3 66. a5 Rc1 67. c4 Kd3 68. a6 Rc3+ 69. Ka4
R8xc4 70. Rxc4 Kxc4 71. a7 Rc1 72. Ra2 1-0

[Event "NAYCC U10"]
[Site "Kingston CAN"]
[Date "2019.08.17"]
[Round "3.26"]
[White "Guo, Edward"]
[Black "Liu, Eric"]
[Result "0-1"]
[WhiteElo "1666"]
[BlackElo "1459"]
[PlyCount "86"]
[EventDate "2019.08.16"]
[EventType "swiss"]
[EventRounds "9"]
[EventCountry "CAN"]

1. d4 d5 2. Nf3 Nf6 3. Bf4 Bf5 4. e3 e6 5. Bd3 Bg6 6. O-O c5 7. c3 Nc6 8. Qe2
c4 9. Bxg6 hxg6 10. Nbd2 Be7 11. e4 b5 12. exd5 exd5 13. Rfe1 O-O 14. Ne5 Nxe5
15. Bxe5 Re8 16. Qf3 Nd7 17. Qxd5 Bg5 18. Nf3 Nxe5 19. Rxe5 Rxe5 20. Qxe5 Bf6
21. Qe4 a5 22. Re1 b4 23. Nd2 Rc8 24. Nf3 Kf8 25. Ne5 Rc7 26. Qg4 Re7 27. Qh3
Kg8 28. f4 Bxe5 29. fxe5 a4 30. Re4 g5 31. Qf5 Rb7 32. Re2 Qc7 33. Qxg5 a3 34.
Qc1 b3 35. bxa3 Qb6 36. axb3 cxb3 37. Qb2 Qb5 38. Rd2 Qc6 39. d5 Qh6 40. c4
Qxd2 41. Qxd2 b2 42. Qxb2 Rxb2 43. c5 Rb5 0-1

[Event "NAYCC U10"]
[Site "Kingston CAN"]
[Date "2019.08.17"]
[Round "3.27"]
[White "Zhang, Brian"]
[Black "Williamson, Mobius"]
[Result "0-1"]
[WhiteElo "1526"]
[BlackElo "1420"]
[Annotator ",Microsoft"]
[PlyCount "104"]
[EventDate "2019.08.16"]
[EventType "swiss"]
[EventRounds "9"]
[EventCountry "CAN"]

1. e4 e5 2. Nf3 Nc6 3. d3 Bc5 4. g3 d6 5. Bg2 Nf6 6. O-O Bg4 7. h3 Bh5 8. g4
Bg6 9. Nbd2 h5 10. g5 Nd7 11. h4 f6 12. Bh3 Rf8 13. Qe2 Qe7 14. c3 f5 15. Re1
fxe4 16. dxe4 O-O-O 17. b4 Bb6 18. a4 a6 19. a5 Ba7 20. b5 axb5 21. Qxb5 Kb8
22. a6 Nb6 23. axb7 Kxb7 24. Nc4 Ra8 25. Qa6+ Kb8 26. Be3 Nd4 27. cxd4 Bxe4 28.
Nfd2 Bb7 29. Qa2 Nxc4 30. Qxc4 d5 31. Qc2 Qd6 32. dxe5 Qc6 33. Qxc6 Bxc6 34.
Reb1+ Bb7 35. Bxa7+ Rxa7 36. Rxa7 Kxa7 37. e6 Re8 38. Re1 c5 39. e7 Bc6 40. Bg2
Kb7 41. Bf3 g6 42. Kf1 Kc7 43. Nb3 Bb5+ 44. Be2 c4 45. Nd4 Bd7 46. Bf3 Kd6 47.
Re3 Kc5 48. Nc2 Bh3+ 49. Ke2 Bf5 50. Kd2 Kd6 51. Nd4 Bd7 52. Kc3 Ba4 {
Time/temps..} 0-1

[Event "NAYCC U10"]
[Site "Kingston CAN"]
[Date "2019.08.17"]
[Round "3.28"]
[White "Xu, Alex"]
[Black "Chinni, Rishabh"]
[Result "1-0"]
[WhiteElo "1763"]
[BlackElo "1324"]
[PlyCount "111"]
[EventDate "2019.08.16"]
[EventType "swiss"]
[EventRounds "9"]
[EventCountry "CAN"]

1. e4 e5 2. Nf3 Nc6 3. Bc4 Bc5 4. c3 Nf6 5. d4 exd4 6. cxd4 Bb4+ 7. Bd2 Nxe4 8.
Bxb4 Nxb4 9. Bxf7+ Kxf7 10. Qb3+ d5 11. Ne5+ Kg8 12. Qxb4 Qf8 13. Qxf8+ Kxf8
14. Nc3 c6 15. Nxe4 dxe4 16. O-O Be6 17. Rfe1 Bd5 18. Nd7+ Ke7 19. Nc5 Kf6 20.
Nxe4+ Bxe4 21. Rxe4 Rae8 22. Rae1 Rxe4 23. Rxe4 Rd8 24. f3 Rd5 25. Rf4+ Rf5 26.
Rxf5+ Kxf5 27. Kf2 h5 28. Ke3 b6 29. h3 h4 30. f4 g6 31. b4 a6 32. a3 b5 33.
Kf3 Kf6 34. Kg4 Ke6 35. Kg5 Kf7 36. f5 gxf5 37. Kxf5 Ke7 38. Ke5 Kd7 39. d5
cxd5 40. Kxd5 Kc7 41. Kc5 Kb7 42. Kd6 Kb6 43. Kd5 a5 44. Kd6 Ka6 45. Kc6 axb4
46. axb4 Ka7 47. Kxb5 Kb7 48. Kc5 Kc7 49. b5 Kb7 50. b6 Kc8 51. Kc6 Kb8 52. b7
Ka7 53. Kc7 Ka6 54. b8=Q Ka5 55. Qb3 Ka6 56. Qa4# 1-0

[Event "NAYCC U10"]
[Site "Kingston CAN"]
[Date "2019.08.17"]
[Round "3.29"]
[White "Wang, Alexander"]
[Black "Ho, Jasper"]
[Result "1-0"]
[WhiteElo "1487"]
[BlackElo "1730"]
[PlyCount "109"]
[EventDate "2019.08.16"]
[EventType "swiss"]
[EventRounds "9"]
[EventCountry "CAN"]

1. e4 e5 2. Nf3 Nc6 3. Bb5 a6 4. Ba4 Nf6 5. O-O b5 6. Bb3 Bc5 7. c3 d6 8. h3
O-O 9. d4 Bb6 10. Bg5 h6 11. Bh4 g5 12. Bg3 Qe7 13. Re1 Bb7 14. d5 Nb8 15. Nbd2
Nbd7 16. Nf1 Rfd8 17. Bc2 Nf8 18. h4 g4 19. N3h2 h5 20. Ne3 Bc8 21. f3 Ng6 22.
Kh1 Bxe3 23. Rxe3 Nf4 24. fxg4 Bxg4 25. Qf1 Ng6 26. Qf2 Kg7 27. Bd1 Bxd1 28.
Rxd1 Rh8 29. Qf3 Ng4 30. Nxg4 hxg4 31. Qxg4 Kf8 32. h5 Nf4 33. Bxf4 exf4 34.
Qxf4 Rxh5+ 35. Kg1 Rh8 36. Rf1 Rh4 37. Qf2 Ke8 38. e5 Qf8 39. Qxh4 dxe5 40.
Rxe5+ Kd7 41. Qg4+ Kd8 42. Rfe1 Qc5+ 43. Kh1 c6 44. Re8+ Kc7 45. Rxa8 Qxd5 46.
Qf4+ Kb6 47. Qb8+ Ka5 48. Re5 Qxe5 49. Qxe5 Kb6 50. b4 c5 51. Qxc5+ Kb7 52.
Qc8+ Kb6 53. Rb8+ Ka7 54. Ra8+ Kb6 55. Rxa6# 1-0

[Event "NAYCC U10"]
[Site "Kingston CAN"]
[Date "2019.08.17"]
[Round "3.30"]
[White "Liang, Leon"]
[Black "Soni, Arjun"]
[Result "0-1"]
[WhiteElo "1198"]
[BlackElo "1665"]
[PlyCount "126"]
[EventDate "2019.08.16"]
[EventType "swiss"]
[EventRounds "9"]
[EventCountry "CAN"]

1. e4 e5 2. Nf3 Nc6 3. Bc4 Bc5 4. O-O Nf6 5. Nc3 d6 6. h3 O-O 7. a3 a5 8. d3 h6
9. Bd2 Ne7 10. Ne2 a4 11. Ng3 c6 12. Ba2 Re8 13. c3 Ng6 14. Qc2 Qc7 15. Rfe1 d5
16. Rad1 dxe4 17. Nxe4 Nxe4 18. Rxe4 Bf5 19. Ree1 b5 20. Be3 Bxe3 21. Rxe3 Nf4
22. Nh4 Bxd3 23. Rdxd3 Nxd3 24. Rxd3 e4 25. Re3 Rad8 26. g3 Qd7 27. Kh2 Qd2 28.
Bb1 Qxc2 29. Bxc2 Rd2 30. Rxe4 Rxe4 31. Bxe4 Rxf2+ 32. Ng2 c5 33. Bc6 Rxb2 34.
h4 Rb3 35. Ne1 Rxc3 36. Bxb5 Rxa3 37. Kh3 Ra1 38. Nc2 Ra2 39. Bd3 c4 40. Be4
Rb2 41. h5 Rxc2 42. Bxc2 a3 43. Be4 a2 44. Bd5 a1=Q 45. Bxc4 Qh1+ 46. Kg4 Qe4+
47. Kh3 Qxc4 48. Kh2 Qg4 49. Kg2 f5 50. Kf2 f4 51. gxf4 Qxf4+ 52. Kg2 Qe3 53.
Kf1 Qd2 54. Kg1 Qe2 55. Kh1 Kf7 56. Kg1 Kf6 57. Kh1 Kf5 58. Kg1 Kg4 59. Kh1 Kg3
60. Kg1 Qc4 61. Kh1 Qd5+ 62. Kg1 Qd4+ 63. Kf1 Qd1# 0-1

[Event "NAYCC U10"]
[Site "Kingston CAN"]
[Date "2019.08.17"]
[Round "3.31"]
[White "Reyes, Isaac"]
[Black "Jin, Harold"]
[Result "1-0"]
[WhiteElo "1451"]
[BlackElo "1188"]
[PlyCount "59"]
[EventDate "2019.08.16"]
[EventType "swiss"]
[EventRounds "9"]
[EventCountry "CAN"]

1. e4 c5 2. d4 cxd4 3. c3 dxc3 4. Nxc3 Nc6 5. Nf3 d6 6. Bc4 Bg4 7. Bxf7+ Kxf7
8. Ng5+ Ke8 9. Qxg4 Ne5 10. Qg3 Qd7 11. f4 Ng6 12. O-O h6 13. Nf3 Kf7 14. f5
Ke8 15. Qxg6+ Kd8 16. Rd1 Qe8 17. Ne5 Qxg6 18. Nxg6 Rh7 19. Nxf8 Rh8 20. Ne6+
Kd7 21. Nxg7 Nf6 22. Ne6 Rag8 23. e5 Ng4 24. exd6 exd6 25. Bf4 Kc8 26. Rac1 Kd7
27. Rxd6+ Ke7 28. Nd5+ Ke8 29. Rd8+ Kf7 30. Rc7# 1-0